[Event "Olympiad-34"]
[Site "Istanbul"]
[Date "2000.11.07"]
[Round "10.2"]
[White "Sokolov, Ivan"]
[Black "Milov, Vadim"]
[Result "1/2-1/2"]
[WhiteElo "2611"]
[BlackElo "2626"]
[Annotator "Milov,V"]
[PlyCount "77"]
[EventDate "2000.10.28"]
[EventType "team-swiss"]
[EventRounds "14"]
[EventCountry "TUR"]
[SourceTitle "EXT 2001"]
[Source "ChessBase"]
[SourceDate "2000.11.22"]
[SourceVersion "1"]
[SourceVersionDate "2000.11.22"]
[SourceQuality "1"]
[WhiteTeam "Bosnia&Herzegovina"]
[BlackTeam "Switzerland"]
[WhiteTeamCountry "BIH"]
[BlackTeamCountry "SUI"]

1. d4 Nf6 2. c4 e6 3. Nf3 d5 4. Nc3 Bb4 5. Qa4+ Nc6 6. Ne5 Bd7 7. Nxd7 Qxd7 8.
a3 (8. e3 e5) 8... Bxc3+ 9. bxc3 Ne4 (9... O-O $5 10. e3 a6 11. Qc2 (11. Be2 b5
$1 12. cxb5 axb5 13. Qxb5 Rfb8 14. Qd3 Na5 $44) 11... Na5 (11... e5 12. cxd5
Qxd5 13. c4 Qd6 14. d5 Ne7 15. e4 $14) 12. cxd5 exd5 13. Bd3 Rfe8 14. O-O c5
$11) 10. Qc2 O-O (10... Na5 $6 11. cxd5 exd5 12. f3 Nd6 13. e4 O-O 14. Bd3 $36)
11. e3 Na5 12. Bd3 (12. f3 Nd6 13. cxd5 (13. c5 Ndc4 14. Bd3 f5 15. e4 b6 $132)
13... exd5 14. Bd3 f5 $13) 12... f5 13. cxd5 (13. f3 Nd6 {-12.f3} (13... dxc4
$2 14. Bxe4 $16)) 13... exd5 14. a4 $1 (14. O-O c5 15. f3 c4 $1 16. Bxe4 (16.
Be2 Nb3 17. Rb1 Nd6 $17) 16... fxe4 17. fxe4 Rxf1+ 18. Kxf1 Rf8+ 19. Kg1 Qf7
20. Bb2 dxe4 $17) 14... c5 15. Ba3 (15. f3 c4) 15... Rf6 16. Bxc5 (16. dxc5 Rc8
17. Bb4 Nc4 (17... Nc6 18. f3 $16) 18. Bxc4 dxc4 19. Rd1 Qc6 $13) 16... Nxc5
17. dxc5 Rc8 18. O-O Rxc5 19. Rfd1 {>< d5,f5} Nc6 $6 (19... Nc4 20. e4 fxe4 21.
Bxe4 h6 22. Rd4 Qc6 $11) 20. Rab1 (20. e4 $2 Nb4) 20... Ne7 21. Rb5 (21. e4 $5
fxe4 22. Bxe4 g6 (22... Rh6 {/\Qc7} 23. Qa2 Kh8 24. Bf3 $14) 23. Bf3 b6 24. Rd3
$14) 21... Rfc6 22. Rxc5 Rxc5 23. e4 fxe4 24. Bxe4 g6 25. Bf3 Qe6 $1 (25... b6
26. Re1 $36) 26. Qd2 b6 27. Re1 Qf6 28. h3 Kg7 29. Re3 Rc4 $1 (29... Nf5 30.
Rd3 Ne7) 30. Bg4 (30. Bxd5 Nxd5 31. Qxd5 Rxc3 32. Qd7+ Kh6 $11) (30. Qe1 $5 Nf5
31. Re5 d4 32. Re6 (32. cxd4 Nxd4 (32... Rxa4 33. d5 $36) (32... Rxd4 33. Re6
Qg5 34. Qe5+ Kh6 35. Bg4 $16 {->}) 33. Re7+ Kf8 $11) 32... Qg5 33. Qe5+ Kh6 34.
Bg4 (34. Qb8 dxc3 35. Qf8+ Ng7 36. Re7 Qc1+ 37. Kh2 Qf4+ 38. Qxf4+ Rxf4 $17)
34... dxc3 35. Qxf5 Qxf5 36. Bxf5 c2 $11) 30... Re4 (30... Rxa4 31. Re6 Qf7 (
31... Qf8 32. c4 $5 (32. Bf3 $36 {/\Qe3}) 32... Rxc4 33. Qb2+ d4 (33... Kg8 34.
Rf6 $18) 34. Qe2 Rc1+ 35. Kh2 Ng8 36. Qe5+ Kh6 (36... Nf6 37. Re7+ Kh6 38. Qf4+
g5 39. Qd6 $18) 37. Qxd4 Rc5 38. Rd6 $44) 32. c4 $5 {Sokolov,I} (32. Qe1 Re4
$11) 32... Rxc4 33. Qb2+ d4 34. Qe2 Rc1+ 35. Kh2 Ng8 36. Qe5+ Kh6 (36... Kf8
37. Rd6) 37. Qxd4 (37. Qh5+ $11) 37... Rc5 $13) 31. Rxe4 dxe4 32. Qd7 (32. Bd1
Qe5) 32... a5 33. Qb7 h5 (33... Qe5 34. Qxb6 Qxc3 $11) 34. Bd1 (34. Be2 Qe6 {
/\e3}) 34... Qe6 35. Bb3 Qe5 (35... Qxb3 $2 36. Qxe7+ Kh6 37. Qxe4 Qxc3 38.
Qe3+ Qxe3 39. fxe3 Kg5 40. Kf2 Kf5 41. Ke2 $18) 36. Qxb6 Qxc3 37. Qe6 Qc1+ 38.
Kh2 Qf4+ 39. Kg1 1/2-1/2

[Event "Moscow Aeroflot op"]
[Site "Moscow"]
[Date "2002.02.08"]
[Round "6"]
[White "Postny, Evgeny"]
[Black "Milov, Vadim"]
[Result "0-1"]
[WhiteElo "2491"]
[BlackElo "2595"]
[Annotator "Milov,V"]
[PlyCount "92"]
[EventDate "2002.02.04"]
[EventType "swiss"]
[EventRounds "9"]
[EventCountry "RUS"]
[SourceTitle "CBM 088"]
[Source "ChessBase"]
[SourceDate "2002.03.21"]
[SourceVersion "1"]
[SourceVersionDate "2002.03.21"]
[SourceQuality "1"]

1. d4 Nf6 2. c4 e6 3. Nf3 d5 4. Bg5 Nbd7 5. Nc3 Bb4 6. cxd5 exd5 7. Qc2 O-O 8.
a3 Bxc3+ 9. Qxc3 h6 10. Bh4 c5 $1 $146 (10... c6) 11. dxc5 (11. Bxf6 Qxf6 $11)
11... g5 12. Bg3 (12. c6 $6 bxc6 13. Bg3 c5 14. e3 Ne4 $36) (12. Bxg5 $6 hxg5
13. Nxg5 Qc7 (13... Re8 14. Qg3 $13) 14. Rc1 Re8 $15 {/\15...Qe5}) (12. Nxg5 $5
hxg5 13. Bxg5 Ne4 14. Bxd8 Nxc3 $13) 12... Ne4 $36 13. Qc2 Ndxc5 14. e3 Bd7 $1
(14... Bf5 15. Qd1 (15. Nd4 Nxg3 16. Nxf5 Nxh1 17. Nxh6+ (17. Qxc5 Qf6 18. Bd3
Nxf2 $1 $19) 17... Kg7 18. Nf5+ Kf6 19. Qxc5 Rc8 20. Qd6+ Qxd6 21. Nxd6 Rc2 $17
) 15... Ne6 16. Nd4 $14) 15. Nd4 $6 (15. b4 Ba4 (15... Na4 16. Qb3 Rc8 $140 17.
Qxd5) (15... Rc8 $5 16. Qb2 (16. bxc5 Qa5+ 17. Nd2 Rxc5 18. Qb2 Rfc8 19. Rd1 (
19. Bd3 Rc2 20. Qb4 Rc1+ 21. Ke2 Nc3+ 22. Kf3 g4+ 23. Kf4 Qc7+) (19. Be2 Rc2
20. Qb4 Rc1+ 21. Rxc1 Rxc1+ 22. Bd1 Qxb4 23. axb4 Ba4 $19) 19... Ba4 20. f3
Bxd1 21. fxe4 Rc1 $19) 16... Na4 17. Qd4 $14) 16. Qb2 Nb3 (16... Ne6 17. Bd3
$14) 17. Rd1 a5 (17... Rc8 18. Be2 a5 (18... Nc3 19. Rd3 Nxe2 $6 20. Kxe2 g4
21. Ne5 Rc2+ 22. Qxc2 Nd4+ 23. Rxd4 Bxc2 24. Nxg4 $16) 19. O-O Nc3 20. Rde1
axb4 21. axb4 Nxe2+ 22. Qxe2 Qb6 $13) 18. Be2 (18. Bd3 axb4 19. axb4 Qb6 $13)
18... axb4 19. axb4 Qb6 20. O-O Qxb4 (20... Rfd8 $2 21. Rd3 Qxb4 22. Nd4 $16)
21. Rxd5 Qc3 (21... Nc3 $2 22. Bd6 Nxe2+ 23. Qxe2 Qe4 24. Re5) 22. Qb1 Nxg3 23.
hxg3 Rfd8 $11) 15... Ba4 16. Qe2 $8 (16. b3 $2 Rc8 (16... Nxb3 17. Nxb3 Rc8 18.
Qb2 (18. Qb1 Nc3 19. Qb2 Qb6) (18. Qd3 Rc3) 18... Qb6 $17) 17. bxa4 Qa5+ 18.
Ke2 Ne6 (18... Nxa4 $5 19. Qd3 Nb2 (19... Nac3+ 20. Ke1) 20. Qb3 Qd2+ 21. Kf3
Qxd4 22. exd4 Nd2+ 23. Kg4 Nxb3 24. Rb1 Rc2 $17) 19. Qb2 Nxd4+ 20. exd4 Rfe8
21. Be5 (21. Kf3 Rc3+ 22. Kg4 Qd8 $1 23. Qxb7 Nf6+ 24. Kf5 Nh5 $1 25. Kg4 Ng7
$1 26. f3 f5+ 27. Kh3 g4+ 28. fxg4 fxg4+ 29. Kxg4 Qg5+ 30. Kh3 Qh5#) 21... f6
22. Qb4 Qd8 $40) 16... Ne6 $2 (16... Bb3 $1 {/\17...Qa5} 17. Qb5 $8 a6 18. Qb4
$8 Ba4 $3 {/\19...a5} (18... a5 19. Qb5 Ba4 20. Qe2 Ne6) 19. Nf5 (19. Nf3 Rc8
20. Be2 a5 21. Qd4 Bc2 $19 {/\22...Nb3}) 19... Qf6 20. f3 (20. Nd6 $2 Nxg3 $19)
20... Qxf5 (20... a5 21. Qd4 Qxf5 22. fxe4 dxe4 23. Bd6 Rfd8 24. Qxc5 Qd7 25.
Bc4 Qxd6 26. Qxd6 Rxd6 27. O-O Be8 $17) 21. fxe4 dxe4 22. Bd6 (22. Be2 Rfd8)
22... Rfc8 23. Bxc5 Qxc5 24. Qxa4 Qxe3+ 25. Be2 Rd8 $1 (25... Rc6 {/\26...Rd8}
26. Rd1 $13) 26. Rf1 Rac8 $19) 17. Nxe6 (17. Be5 Nxd4 (17... Rc8 18. Qh5 Nxd4
19. Bxd4 {-17...Nd4}) 18. Bxd4 Rc8 19. Qh5 Bb3 $1 20. Bd3 Qa5+ 21. Kf1 Qd2 (
21... Rc6 22. h4 Rfc8 23. Kg1) 22. Qe2 Rc1+ (22... Bc4 23. Qxd2 Nxd2+ 24. Ke2
Nb3 25. Rad1 Nxd4+ $11) 23. Rxc1 Qxc1+ 24. Qe1 Rc8 25. Ke2 Rc2+ $1 26. Bxc2
Qxc2+ 27. Kf1 (27. Kf3 h5 $1 28. h3 Bc4 $40) 27... Nxf2 $1 28. Qa5 $1 (28. Qxf2
$4 Bc4+) 28... b6 29. Qxa7 Qf5 30. Qb8+ Kh7 31. Qh8+ Kg6 32. Qg7+ Kh5 33. Qf6
Qxf6 34. Bxf6 Nxh1 35. Kg1 $11) 17... fxe6 18. f3 Nc5 19. Be5 (19. h4 $5 Nb3 (
19... g4 20. h5 {/\21.Rh4}) (19... Qf6 20. hxg5 hxg5 21. Bd6 Rfc8 22. f4 $36)
20. Rd1 (20. Rb1 Rc8 21. hxg5 Qxg5 22. Bf4 Rxf4 23. exf4 Qg3+ (23... Qg6 24. f5
) 24. Qf2 Qxf4 25. Be2 Nd4 (25... Rc2 26. Rh4 $1 Rxe2+ 27. Kxe2 Qd2+ 28. Kf1
Qd3+ 29. Kg1 Qxb1+ 30. Kh2 $40) 26. Kf1 (26. O-O Rc2 27. Rfe1 Bb5 $19) 26...
Nf5 27. Rh3 Rc2 $13) 20... Qa5+ (20... Rc8 21. hxg5 Nc1 22. Qd2 Bxd1 23. gxh6
Rf7 24. Qxd1 $13) 21. Kf2 Nc5 22. Rd4 Ne4+ 23. Rxe4 dxe4 24. Qc4 $1 $13) 19...
Rc8 20. Bc3 $2 (20. h4 g4) (20. f4 $1 Ne4 (20... Nb3 21. Qh5 Qa5+ 22. Kf2 Qd2+
23. Be2 Kh7 24. Rhd1 Qc2 25. Ke1 $16) (20... Qe8 21. h4 $1 $40) 21. Qh5 Kh7 22.
Bd3 Bc2 $13) 20... Qe8 $1 {><g6, /\e6-e5,d5-d4} 21. h4 g4 22. h5 e5 $17 {><Ke1}
23. Rh4 (23. Bb4 a5 $5 24. Bxc5 Rxc5 $17) (23. f4 d4 24. Bb4 (24. Qxg4+ Kh8 $19
) 24... exf4 25. Qc4+ Rf7 $19) 23... Bd7 {><Rh4} 24. f4 $2 (24. Rd1 Qe7 $17)
24... d4 $19 25. Bb4 (25. exd4 exd4 26. Bxd4 Rxf4 $19) 25... exf4 26. exd4 (26.
Bxc5 Rxc5 27. exd4 Rc2) 26... Nd3+ (26... Nb3 $5 27. Bxf8 (27. Rd1 Rc2 28. Qe5
Nxd4 $19) 27... Nxa1 28. Bc5 b6 $19) 27. Kd2 Nxb4 28. axb4 (28. Qxe8 Rc2+ 29.
Kd1 Rxe8 30. axb4 Rxb2) 28... Qf7 $2 (28... Qd8 29. Qe4 (29. Rh1 Qb6 $19) 29...
Bf5 30. Rxg4+ Kh7 31. Qe5 Bxg4 32. Bd3+ Kg8 $19) 29. Rxg4+ $8 Bxg4 30. Qxg4+
Kh8 31. Qg6 $1 Qxg6 32. hxg6 $17 a6 33. b5 axb5 34. Bxb5 Rf6 35. Bd3 Rd8 $2 (
35... Rb6 36. Bf5 Rxb2+ 37. Kd3 Re8 $19) 36. Ra4 Rb6 37. Kc2 Kg7 38. d5 $4 (38.
Rc4 $15 Rc6 $140 39. Kc3 Rxc4+ 40. Kxc4) 38... Rxd5 39. Rxf4 Rc6+ $19 40. Kd2 (
40. Rc4 Rxc4+ 41. Bxc4 Rg5) 40... Rxg6 41. g4 Rgd6 42. Rf3 Rd4 43. Rg3 Kf6 44.
Kc3 Rxd3+ 45. Rxd3 Rxd3+ 46. Kxd3 Kg5 0-1

[Event "Biel MTO op"]
[Site "Biel"]
[Date "1998.07.31"]
[Round "11"]
[White "Gurieli, Nino"]
[Black "Milov, Vadim"]
[Result "0-1"]
[WhiteElo "2635"]
[BlackElo "2385"]
[Annotator "Milov,V"]
[PlyCount "60"]
[EventDate "1998.07.21"]
[EventType "swiss"]
[EventRounds "11"]
[EventCountry "SUI"]
[SourceTitle "CBM 066"]
[Source "ChessBase"]
[SourceDate "1998.09.30"]
[SourceVersion "1"]
[SourceVersionDate "1998.09.30"]
[SourceQuality "1"]

1. d4 {Baburin Ribli} Nf6 2. Nf3 d5 3. c4 e6 4. Nc3 Nbd7 (4... Bb4 {Ribli} 5.
cxd5 exd5 6. Bg5 Nbd7 7. Qb3 c5 8. dxc5 Qa5 9. a3 $6 Bxc3+ 10. Qxc3 (10. bxc3
Ne4 11. Qb4 Qxc5 $15 {[%csl Rc3,Ge4]}) 10... Qxc3+ 11. bxc3 Ne4 {[%csl Rc3,Rc5,
Ge4]} 12. Rd1 $6 Ndxc5 13. Rxd5 Be6 $15 {[%csl Ge4]} 14. Rd4 Nxc3 {[%csl Gc3,
Gc5]} 15. e3 {[%csl Rg5]} Rc8 $1 16. Nd2 b5 $1 17. f3 f6 18. Bf4 Kf7 19. Kf2 a5
20. Be2 a4 $17 {[%csl Rb3] 0-1 Burmakin,V-Zvjaginsev,V/RUS-ch m1-2 1997 (25)})
5. Bg5 Bb4 6. Qb3 c5 7. cxd5 exd5 8. a3 Bxc3+ 9. Qxc3 c4 10. Nd2 O-O 11. g3 (
11. e3 {Baburin} h6 12. Bf4 {Perhaps,a better approach is} b5 {Baburin} (12...
Nb6 $6 13. a4 a5 14. Be2 Bf5 15. O-O Qe7 16. Qa3 Qxa3 17. Rxa3 Rfc8 18. Rc1 Ne4
19. Nb1 $1 f6 (19... g5 $5 {Baburin}) 20. f3 Ng5 21. Nc3 Bd7 22. Bd1 Ne6 23.
Bg3 Nc7 24. e4 $16 {1-0 Yakovich,Y-Voitsekhovsky,S/RUS-Cup10 1997 (51)}) 13. a4
bxa4 14. Rxa4 Nb6 15. Ra5 Bd7 16. Qa3 a6 17. Be2 Bb5 18. O-O Rc8 19. Nb1 Ne4
$13 {Dreev-Zvjaginsev, 1997.}) 11... h6 (11... b5 12. a4 bxa4 13. Rxa4 h6 14.
Bxf6 Nxf6 15. Bg2 Re8 16. e3 Be6 17. O-O Qb6 18. Rfa1 Rab8 19. R1a2 Re7 $11)
12. Bxf6 Nxf6 13. Bg2 (13. b3 cxb3 $11) 13... Re8 14. e3 Bf5 15. O-O Rc8 16. a4
Re6 (16... h5 $5 17. b3 $140 cxb3 18. Qxb3 Re7) (16... Qd7 $5) 17. Rfe1 (17. a5
h5 (17... Rc7 $5) 18. b3 b5 19. axb6 axb6 20. bxc4 dxc4 $13) 17... Rb6 $2 (
17... a5 $5) 18. f3 Bd3 19. a5 (19. e4 $6 dxe4 20. fxe4 Rd6 $1 (20... Rxb2 21.
Qxb2 c3 22. Qc1 Qxd4+ $2 23. Kh1 Ng4 24. h3)) 19... Rb5 20. b3 (20. e4 $5 Rc6)
20... Ne8 21. bxc4 $2 (21. e4 $5 Nd6 22. Bh3 $36 (22. e5 Nf5)) 21... Bxc4 22.
Qa3 Nd6 23. Rec1 $2 (23. e4 dxe4 24. fxe4 Be6 $13) (23. Reb1 Rc6 $15) 23... Rc6
24. e4 (24. Rcb1) 24... Ra6 $17 25. exd5 (25. Qc3 Rbxa5 26. Rxa5 Qxa5 27. Qxa5
Rxa5 28. e5 Nf5 29. Nxc4 dxc4 30. Rxc4 Ra1+ $19) 25... Rbxa5 26. Qc3 Rxa1 27.
Rxa1 Nb5 28. Qb2 Rxa1+ 29. Qxa1 Bxd5 30. Qb2 Qb6 0-1

[Event "Biel Credit Suisse"]
[Site "Biel"]
[Date "1997.07.27"]
[Round "6"]
[White "Gelfand, Boris"]
[Black "Milov, Vadim"]
[Result "1/2-1/2"]
[WhiteElo "2695"]
[BlackElo "2635"]
[Annotator "Milov,V"]
[PlyCount "80"]
[EventDate "1997.07.20"]
[EventType "tourn"]
[EventRounds "10"]
[EventCountry "SUI"]
[EventCategory "17"]
[SourceTitle "CBM 060"]
[Source "ChessBase"]
[SourceDate "1997.09.29"]
[SourceVersion "1"]
[SourceVersionDate "1997.09.29"]
[SourceQuality "1"]

1. d4 Nf6 2. Nf3 e6 3. c4 d5 4. Nc3 Bb4 5. Bg5 h6 6. Bxf6 Qxf6 7. e3 O-O 8. Rc1
Rd8 (8... dxc4 9. Bxc4 c5 10. O-O cxd4 11. exd4 Nc6 12. Ne4 Qf4 (12... Qd8 13.
a3 Ba5 14. Qd3 Bb6 15. Rfd1 Qe7 16. Bb5 $14 {Topalov-J.Polgar,Madrid,1997}) 13.
Qe2 $14 {Gelfand-Benjamin,Horgen,1994}) 9. a3 Bxc3+ 10. Rxc3 dxc4 11. Rxc4 c6
12. Bd3 Nd7 13. O-O $14 (13. Ne5 Nxe5 14. dxe5 Qe7 {and Black is not worse})
13... Re8 (13... e5 $4 14. dxe5 {and after all recaptures White plays Bh7
winning the Rook on d8.}) 14. Bb1 e5 15. dxe5 Nxe5 16. Nxe5 (16. Rf4 Nxf3+ 17.
Qxf3 Qe7 18. Ba2 Be6 $10) 16... Rxe5 17. Rf4 Qe7 18. Rd4 Be6 19. e4 (19. Qd3 $5
g6 20. f4 Rb5 $1 (20... Rd5 21. e4 Rxd4 22. Qxd4 Qd8 23. Qc3) 21. Qd2 (21. b4
a5 22. e4 axb4 23. f5 gxf5 24. exf5 Bxf5 $1 $10) 21... c5 22. Rd6 (22. Re4 Rd8
23. Qc3 Qd6 24. Qf6 Rb6 $10) 22... Rb6 23. Rxb6 axb6 24. e4 (24. Rd1 Bg4) 24...
Rd8 $10) 19... g5 $1 {Now f2-f4 is no longer dangerous and Black gets a
perfectly good game. The weakness of the King is not that important because
Black is strong on the dark squares.} 20. Qd2 Qf6 $6 {I shouldn't have allowed
White to pin my Queen.} (20... a5 $5 {was a better try}) 21. Rd6 a5 22. Qc3 Kg7
23. Re1 a4 (23... g4 $5 24. Ba2 Re8) 24. Ba2 Re8 25. f3 h5 26. Re2 Kg8 27. Qd4
g4 28. fxg4 hxg4 29. Bxe6 R8xe6 30. Rxe6 Rxe6 31. e5 (31. Qxa4 Qe5 {and Black
has compensation that must be enough for a draw.}) 31... Qg5 32. Re4 Rg6 33.
Rf4 g3 34. h3 Qe7 35. Rg4 Qe6 36. Qd8+ Kg7 37. Rh4 Rh6 38. Rg4+ Rg6 39. Rh4 Rh6
40. Rg4+ Rg6 1/2-1/2

[Event "EU-ch 16th"]
[Site "Jerusalem"]
[Date "2015.03.05"]
[Round "9"]
[White "Eljanov, Pavel"]
[Black "Saric, Ivan"]
[Result "1-0"]
[WhiteElo "2727"]
[BlackElo "2661"]
[Annotator "Mokal,P"]
[PlyCount "67"]
[EventDate "2015.02.24"]
[EventType "swiss"]
[EventRounds "11"]
[EventCountry "ISR"]
[SourceTitle "CBM 166"]
[Source "ChessBase"]
[SourceDate "2015.05.11"]
[SourceVersion "1"]
[SourceVersionDate "2015.05.11"]
[SourceQuality "1"]

1. d4 d5 2. c4 e6 3. Nf3 Nf6 4. Nc3 Bb4 5. cxd5 exd5 6. Bf4 {A rare move in
the Ragozin Defence. 6.Bg5 is a popular move and most commonly played. White
sometimes chooses 6.Qa4+ as well. But Bf4 is very rare.} c5 {In the style of
the Tarrasch Defence.} 7. g3 {As is well known, the fianchetto is a strong
variation against the Tarrasch.} Nc6 (7... Ne4 $5 8. Rc1 (8. Qb3 $6 Nc6 $17) (
8. Qc2 Qa5 9. Rc1 (9. a3 Nxc3 10. Bd2 c4 $13 (10... Ne4 11. Bxb4 $16 {[%cal
Gc2c8]})) 9... Nc6 $17 (9... Qxa2 $13)) 8... Qa5 9. Bg2 Nxc3 (9... Bxc3+ 10.
bxc3 Nc6 (10... Nxc3 $2 11. Qd2 $18) 11. dxc5 Qxc5 12. O-O O-O 13. Qb3 $14 {
[%csl Gf4,Gg2] ^^}) ({A couple of weeks after this game Hou Yifan, playing
Black faced some problems in this variation as well. It was a rapid game
though, that went} 9... Nc6 10. O-O Bxc3 11. bxc3 c4 12. Qc2 O-O 13. Nd2 $1
Nxd2 14. Bxd2 Re8 15. e4 dxe4 16. Bxe4 $36 {With the two bishops and a decent
pawn structure, White is already better.} Qh5 $6 17. Rb1 Bh3 18. Rfe1 Rab8 19.
Bf4 Rbd8 20. Bh1 Bf5 21. Rxe8+ Rxe8 22. Qd1 Bg4 23. Qd2 Bf3 24. Re1 Re6 25.
Bxf3 Qxf3 26. d5 Rxe1+ 27. Qxe1 g5 28. dxc6 gxf4 29. c7 Qc6 30. Qe7 {1-0
Shankland vs Hou Yifan, Honolulu USA 2015.}) 10. bxc3 Bxc3+ 11. Bd2 Bxd2+ 12.
Qxd2 Qxd2+ 13. Nxd2 $14 {[%csl Rc5,Rd5]}) 8. Bg2 O-O 9. O-O c4 10. Bg5 Bxc3 $6
(10... Be6 $142 11. Ne5 Be7 {transposing directly to the Tarrasch Defence.
White has wasted time with Bf4-Bg5 and Black has done the same with ...Bb4-Be7.
}) 11. bxc3 h6 12. Bxf6 Qxf6 13. Nd2 Ne7 14. e4 $1 Be6 $6 ({Black needed to
stop the White Q manoeuvre with} 14... Qc6 $142 {[%cal Gc6c4,Gc6a4] but after}
15. f4 $14 {with space and the centre, White has at least a slight edge.}) 15.
Qa4 $1 Rfd8 16. Rab1 (16. Qa3 $5 {would have been strong here too.}) 16... b6 (
{It was better for Black to rearrange his pieces with} 16... Bd7 17. Qa3 Bc6 {
although White retains a decent edge here too.} 18. Rfe1 (18. exd5 Nxd5 19.
Rfe1 (19. Nxc4 {wins a pawn that is hard to retain.} Rac8 $1 20. Ne5 $6 Nxc3
$15) 19... b5 $132) 18... b5 19. Qa6 dxe4 20. Nxe4 Bxe4 21. Qxf6 gxf6 22. Bxe4
Rab8 $14) 17. Qa3 $1 {[%csl Rd5,Re7][%cal Ge4e5,Ga3e7,Gg2a8] Suddenly, Black
is in deep trouble.} Nc6 (17... Ng6 18. f4 $1 $16 (18. exd5 Bxd5 19. Bxd5 Rxd5
20. Nxc4 Rc8 21. Ne3 Ra5 22. Qb3 Rg5 23. Ng2 $14)) (17... Rd7 18. Rxb6 $18 (18.
e5 Qg5 19. Nxc4 $16)) (17... Re8 18. f4 $5 (18. e5 $6 Qf5 $1 19. Nxc4 $2 dxc4
20. Bxa8 Rxa8 21. Qxe7 Qf3 $19 {[%cal Ge6d5]}) 18... Bg4 19. exd5 Nf5 (19...
Be2 20. Rfe1 Bd3 21. d6 $18) 20. d6 {[%cal Gg2a8]} Rad8 21. Nxc4 Ne3 22. d7
Bxd7 23. Nxe3 Rxe3 24. Qxa7 $16) 18. exd5 Bxd5 19. Bxd5 Rxd5 20. Nxc4 $16 {
Eljanov is now simply a pawn up.} Rad8 21. Qb2 b5 $2 {Looking at the f3-square,
Black makes a desperate exchange sacrifice, but it fails to bring any
compensation.} 22. Ne3 b4 (22... Rh5 23. Qe2 Rg5 24. Rxb5 $18) (22... Rg5 23.
h4 Rh5 24. Qe2 $18 {[%csl Rb5,Rh5][%cal Gb1b5]}) 23. Nxd5 Rxd5 24. Rfd1 bxc3
25. Qxc3 Nxd4 26. Kg2 Qe5 27. Qe3 Qd6 28. Rbc1 Qd7 29. Qc3 Kh7 30. Qd3+ g6 31.
Rc4 Rh5 32. Rxd4 Qh3+ 33. Kf3 Rf5+ 34. Rf4 1-0

[Event "World Women-ch k.o."]
[Site "Teheran"]
[Date "2017.02.19"]
[Round "3.4"]
[White "Girya, Olga"]
[Black "Ju, Wenjun"]
[Result "1-0"]
[WhiteElo "2458"]
[BlackElo "2583"]
[Annotator "Moradiabadi,E"]
[PlyCount "105"]
[EventDate "2017.02.11"]
[EventType "k.o."]
[EventRounds "7"]
[EventCountry "IRI"]
[SourceTitle "CBM 177"]
[Source "ChessBase"]
[SourceDate "2017.03.16"]
[SourceVersion "1"]
[SourceVersionDate "2017.03.16"]
[SourceQuality "1"]

{In a must-win situation against seed No. 1, Girya demonstrated a very good
understanding of the position by combining tactical and positional ideas on
the white side of the Ragozin.} 1. d4 Nf6 2. c4 e6 3. Nf3 d5 4. Nc3 Bb4 {
Odd choice by Ju Wenjun when she only needs a draw.} 5. Qa4+ Nc6 6. a3 Bxc3+ 7.
bxc3 O-O (7... Ne4 {is a better choice in my opinion. I really prefer to parry
the pin on g5 and that is why I prefer this intermediate move to castling.} 8.
e3 Nxc3 9. Qc2 Ne4 10. Bd3 Nd6 11. c5 Nf5 12. O-O h6 13. Rb1 O-O 14. Qc3 Nfe7
15. Bd2 b6 16. Rfc1 Na5 17. Qc2 Nc4 18. Bxc4 dxc4 19. Qxc4 Bb7 20. Ne1 Be4 21.
Rb2 Ng6 22. f3 Bd5 23. Qc3 f5 24. Nd3 Rf7 25. Be1 Qg5 26. Kf1 Re8 27. Re2 Bb7
28. Qc4 Qd8 29. Bg3 Qc8 30. Kf2 Ba6 31. Qc3 f4 32. exf4 Bxd3 33. Qxd3 {1/2-1/2
(33) Topalov,V (2760)-Anand,V (2779) Saint Louis 2016}) 8. Bg5 h6 9. Bh4 g5 (
9... Bd7 {appeals more to me.} 10. cxd5 exd5 11. e3 g5 12. Bg3 Ne4 {and the
other knight is en route to c4 unless White takes some drastic measures.} 13.
Bd3 Ne5 14. Qc2 Nxd3+ 15. Qxd3 Bf5 16. Qb5 Qd7 17. Qxb7 Rab8 18. Qa6 Rb6 19.
Qa5 c5 20. O-O Rb5 21. Qa6 Rb6 22. Qa5 Rb5 23. Qa6 Rb6 24. Qa5 {1/2-1/2 (24)
Topalov,V (2754)-Aronian,L (2784) Stavanger 2016}) 10. Bg3 Ne4 11. e3 $1 {
A typical pawn sacrifice.} Nxc3 12. Qc2 Ne4 13. Bd3 f5 14. O-O Rb8 15. Rab1 Bd7
16. Rfc1 Nxg3 17. hxg3 Qe7 {Despite the material deficit, it is White who is
better.} 18. cxd5 exd5 19. Qa2 $6 (19. Rb5 Be6 20. Rc5 {is more concrete.})
19... Be6 20. Rc5 Nd8 21. Ne5 Kg7 22. g4 $1 {Now White has a very dangerous
initiative.} c6 23. Qc2 Qf6 (23... fxg4 24. Ng6 Qf6 25. Nxf8 Qxf8 {would have
given Black more chances to create complications.}) 24. gxf5 Bxf5 25. Bxf5 Qxf5
26. e4 (26. Qxf5 Rxf5 27. g4 {does work as well. Surprisingly due to the
awkward geometry between Black's pieces.} Rf8 28. Nd7) 26... Qe6 27. exd5 cxd5
28. Rc7+ Nf7 29. Nd7 {White is winning. From here onward, Girya converted her
advantage gradually but assuredly!} b6 30. Nxb8 Rxb8 31. Rxa7 Rc8 32. Rc7 Rxc7
33. Qxc7 b5 34. Qb7 Qe4 35. Qxb5 h5 36. Qb4 h4 37. Re1 Qd3 38. Re3 Qd1+ 39. Qe1
Qg4 40. Rf3 Qd7 41. Qe3 g4 42. Rf4 Kg6 43. Qd3+ Kg5 44. Qe3 Kg6 45. f3 gxf3 46.
Qxf3 Ng5 47. Qg4 Qe7 48. Qf5+ Kh5 49. Rg4 Qe3+ 50. Kh2 h3 51. Qxg5+ Qxg5 52.
Rxg5+ Kxg5 53. a4 1-0